| 000 | 00685nam a22002297a 4500 | ||
|---|---|---|---|
| 005 | 20260204121914.0 | ||
| 008 | 260204b |||||||| |||| 00| 0 eng d | ||
| 020 | _a978-93-6701-40-0 | ||
| 037 | _cTB | ||
| 040 |
_aCL _cCL |
||
| 041 |
_2eng _aeng |
||
| 084 |
_aO31,6:g 111R5 _qCRL |
||
| 100 |
_aRajagopal, Govindaswamy _91113617 |
||
| 245 | _aEthics in Tirukkural and Acarakkovai | ||
| 260 |
_aDelhi, India: _bPharos Books, _c2025. |
||
| 300 | _axxi,160p. | ||
| 365 |
_aINR _b225 |
||
| 650 |
_aOriya Literature _91113618 |
||
| 650 |
_aOriya Essays _91113619 |
||
| 942 |
_2CC _cTB _hO31,6:g 111R5 _n0 |
||
| 999 |
_c1678632 _d1678632 |
||